Portage County, OH: Cities, Villages & Townships - Statistics

General Stats
  • This quiz has been taken 65 times
    58 since last reset
  • The average score is 19 of 28
Answer Stats
First Letter Population Type Answer % Correct
K 28,904 City Kent
100%
A 15,548 City Aurora
88%
R 11,724 City Ravenna
88%
R 9,270 Township Ravenna
88%
S 16,028 City Streetsboro
88%
R 7,212 Township Rootstown
80%
M 4,811 Township Mantua
76%
M 1,043 Village Mantua
76%
H 2,296 Township Hiram
72%
H 1,406 Village Hiram
72%
A 2,762 Township Atwater
68%
B 10,376 Township Brimfield
68%
W 2,209 Village Windham
68%
W 2,060 Township Windham
68%
E 2,344 Township Edinburg
64%
F 2,751 Township Freedom
64%
G 2,325 Village Garrettsville
64%
S 5,670 Township Shalersville
64%
D 3,211 Township Deerfield
60%
F 5,527 Township Franklin
60%
M 3,853 Village Mogadore
56%
N 2,985 Township Nelson
56%
R 5,504 Township Randolph
56%
S 6,383 Township Suffield
56%
P 2,785 Township Palmyra
52%
P 1,827 Township Paris
52%
S 177 Village Sugar Bush Knolls
52%
C 2,003 Township Charlestown
48%
No matching quizzes found
Score Distribution
Percent of People with Each Score
Percentile by Number Answered
Your Score History
You have not taken this quiz since the last reset